000
00290nam a2200121Ia 4500
008
220204s9999 xx 000 0 und d
082
_a
62-03
_b
SUR
245
0
_a
Engineering materials
250
_a
Ed.2
260
_a
New Delhi
_b
Vikas
_c
1979
650
_a
Engineering materials
942
_c
BK
999
_c
32199
_d
32199